| 000 | 00912cam a22002894a 4500 | ||
|---|---|---|---|
| 001 | 12249670 | ||
| 003 | AR-RoIUNI | ||
| 005 | 20220317145552.0 | ||
| 008 | 001205s2000 ag a b 000 0 spa | ||
| 010 | _a 00436994 | ||
| 020 | _a987924530X | ||
| 040 |
_aDLC _cIUNIR _dDLC |
||
| 042 | _apcc | ||
| 043 | _as-ag--- | ||
| 080 | _a347 BAL | ||
| 100 | 1 | _aGrandov, Baldomero. | |
| 245 | 1 | 0 |
_aCicatrices _bdaño estético y el derecho a la integridad física _cBaldomero Grandov, Miguel Carrillo Bascary |
| 260 |
_aRosario _bFAS _c2000 |
||
| 300 |
_a343 p. _bill. ; _c23 cm. |
||
| 650 | 1 | 4 | _aCicatrices |
| 650 | 1 | 0 |
_aDerecho _9106 |
| 700 | 1 | _aCarrillo Bascary, Miguel. | |
| 906 |
_a7 _bcbc _corignew _d2 _encip _f20 _gy-gencatlg |
||
| 942 |
_2cdu _cBK |
||
| 999 |
_c5406 _d5406 |
||